000 01910nam0a22002891 4500
001 v19\rc\1749598
005 20260406003051.0
035 _a(NLR Aleph) 005252344
090 _a5816932
_c5816932
100 _a20061204e19021902|||y0rusy50 ca
101 0 _arus
102 _aRU
105 _aa z |||||
200 1 _aСовременное положение вопроса о клинической криоскопии
_f[Соч.] Д-ра мед. К.Н. Пурица
210 _aСанкт-Петербург
_cК.Л. Риккер
_d1902
215 _a25 с.
_cил.
_d24
311 _aОтт. из журн. "Рус. архив патологии, клинич. медицины и бактериологии", изд. под ред. проф. В.В. Подвысоцкого
320 _aБиблиогр.: "Общие руководства и статьи по криоскопии" (с. 23-24); "Специальные работы по клинической криоскопии" (с. 24-25)
488 0 _12001#$aРусский архив патологии, клинической медицины и бактериологии, изд. под редакцией профессора В.В. Подвысоцкого
_1702#1$3RU\NLR\AUTH\77110591$7ca$aПодвысоцкий$bВ. В.$f1857-1913$gВладимир Валерианович$4340
_tРусский архив патологии, клинической медицины и бактериологии, изд. под редакцией профессора В.В. Подвысоцкого
700 1 _8rus
_7ca
_aПуриц
_bИ. Н.
_f1859-
_gИезекииль Натанович
_3RU\NLR\AUTH\77112613
_995538
801 0 _aRU
_bNLR
_c20061204
_gpsbo
801 0 _aRU
_bRuMoRGB
_c20061204
_2psbo
801 1 _aRU
_bProSoft-M
_c20061204
_2rusmarc
801 2 _aRU
_bNLR
_c20120604
_2rusmarc
852 _aNLR
_j34.83.6.618
942 _cBOOK
980 _aNB